Sociálně-etická studie o Tomáši ze Štítného /

Hlavní autor: Jareš, Stanislav, dizertace
Korporativní autor: Univerzita Karlova. Filozofická fakulta
Jazyk: Čeština
Vydáno: [Praha : Filosofická fakulta University Karlovy, 1949]
Fyzický popis: 147 s.
Knihy
Uloženo v:
LEADER 00767nam a22002172a 4500
001 000277673
003 CZ BrMZK
005 20030310154432.0
007 ta
008 010907s1949 xr f cze d
035 |a (OCoLC)85581023 
040 |a BOA001  |b cze  |c BOA001 
100 1 |a Jareš, Stanislav,  |c dizertace  |4 dis 
245 1 0 |a Sociálně-etická studie o Tomáši ze Štítného /  |c Stanislav Jareš 
260 |a [Praha :  |b Filosofická fakulta University Karlovy,  |c 1949] 
300 |a 147 s. 
502 |a Disertace (PhDr.) -- Univerzita Karlova, 1949 
710 2 |a Univerzita Karlova.  |b Filozofická fakulta  |7 kn20010710340 
910 |a BOA001  |b 4-0239.874 
990 |a BK 
996 7 |b 2619886339  |c 4-0239.874  |l MZK  |r Sklad / do 24 hodin  |n 1  |w 000277673  |u 000010  |a 1  |e BOA001  |j MZK50  |s A